Second National Conference on Women in politics, Governance and leadership in Bhutan with Regional Dimension. (Record no. 7667)
[ view plain ]
| 000 -LEADER | |
|---|---|
| fixed length control field | 00323nam a22000977a 4500 |
| 005 - DATE AND TIME OF LATEST TRANSACTION | |
| control field | 20190225105039.0 |
| 008 - FIXED-LENGTH DATA ELEMENTS--GENERAL INFORMATION | |
| fixed length control field | 190225b ||||| |||| 00| 0 eng d |
| 245 ## - TITLE STATEMENT | |
| Title | Second National Conference on Women in politics, Governance and leadership in Bhutan with Regional Dimension. |
| 300 ## - PHYSICAL DESCRIPTION | |
| Extent | 21 p. |
| Dimensions | 29 cm. |
| 942 ## - ADDED ENTRY ELEMENTS (KOHA) | |
| Source of classification or shelving scheme | Dewey Decimal Classification |
| Koha item type | Periodicals |
| Withdrawn status | Lost status | Source of classification or shelving scheme | Damaged status | Not for loan | Collection code | Home library | Current library | Shelving location | Date acquired | Serial Enumeration / chronology | Total Checkouts | Barcode | Date last seen | Price effective from | Koha item type |
|---|---|---|---|---|---|---|---|---|---|---|---|---|---|---|---|
| Dewey Decimal Classification | Periodicals | RTC Library | RTC Library | Periodicals | 25/02/2019 | 13457 | 30013093 | 25/02/2019 | 25/02/2019 | Periodicals |